000
00264nam a22001217a 4500
008
180122b xxu||||| |||| 00| 0 eng d
041
_a
eng
080
_a
316
100
_a
53
101
_a
SOC
245
_a
YOUNG PEOPLE IN SOCEITY
_c
EVANS.W.M
942
_2
udc
_c
BK
999
_c
40685
_d
40685